00311nam a2200121Ia 4500008004100000041000800041082000800049100002600057245004500083260003200128300000800160520002100168221007s9999 xx 000 0 und d aeng bRAU aRaut Snehal (2k81136) 2aA Study on Performance Management System c2010bPune UniversityaPune a82p aJavadekar Manasi